header

Paul Virilio (Record no. 200588)

MARC details
000 -LEADER
fixed length control field 01378nam a2200349Ia 4500
245 00 - TITLE STATEMENT
Title Paul Virilio
260 ## - PUBLICATION, DISTRIBUTION, ETC. (IMPRINT)
Place of publication London ;
-- Thousand Oaks, Calif. :
Name of publisher SAGE,
Year of publication c2000.
300 ## - PHYSICAL DESCRIPTION
Number of Pages 245 p.
500 ## - GENERAL NOTE
General note "Simultaneously published as v. 16, nos. 5-6 of Theory, Culture & Society".
650 #0 - SUBJECT ADDED ENTRY--TOPICAL TERM
Topical Term Culture
700 1# - ADDED ENTRY--PERSONAL NAME
Personal name Armitage, John,
856 40 - ELECTRONIC LOCATION AND ACCESS
Uniform Resource Identifier http://site.ebrary.com/lib/rucke/Doc?id=10567161

No items available.

© 2026 Rongo University
Contact us: librarian | system librarian | Rongo university